Rise and fall of the European Constitution (Record no. 139163)

MARC details
000 -LEADER
fixed length control field 00883nam a2200277Ia 4500
003 - CONTROL NUMBER IDENTIFIER
control field OSt
005 - DATE AND TIME OF LATEST TRANSACTION
control field 20220918171338.0
008 - FIXED-LENGTH DATA ELEMENTS--GENERAL INFORMATION
fixed length control field 220917b |||||||| |||| 00| 0 eng d
020 ## - INTERNATIONAL STANDARD BOOK NUMBER
International Standard Book Number 9781509910984 (hbk)
037 ## - SOURCE OF ACQUISITION
Terms of availability Textual
040 ## - CATALOGING SOURCE
Original cataloging agency ARTS
Transcribing agency ARTS
Language of cataloging eng
041 ## - LANGUAGE CODE
Source of code eng
Language code of text/sound track or separate title eng
100 ## - MAIN ENTRY--PERSONAL NAME
Personal name Barber N. W. Ed.
9 (RLIN) 36005
245 #0 - TITLE STATEMENT
Title Rise and fall of the European Constitution
260 ## - PUBLICATION, DISTRIBUTION, ETC.
Place of publication, distribution, etc. Oxford
Name of publisher, distributor, etc. Hart London
Date of publication, distribution, etc. 2019
300 ## - PHYSICAL DESCRIPTION
Extent viii,231p.
Dimensions cm.
650 ## - SUBJECT ADDED ENTRY--TOPICAL TERM
Topical term or geographic name entry element HISTORY
700 ## - ADDED ENTRY--PERSONAL NAME
Personal name Cahill Maria Ed.
9 (RLIN) 36006
700 ## - ADDED ENTRY--PERSONAL NAME
Personal name Ekins Richard Ed.
9 (RLIN) 36007
942 ## - ADDED ENTRY ELEMENTS (KOHA)
Classification part V5:2:(Z), Q9
Koha item type Textual
Source of classification or shelving scheme Colon Classification (CC)
Holdings
Withdrawn status Lost status Damaged status Not for loan Home library Current library Date acquired Source of acquisition Total Checkouts Full call number Barcode Date last seen Price effective from Koha item type
        Arts Library Arts Library 2022-09-18 301, 19/03/2019, Classic Book Service   V5:2:(Z) Q9 AL1663903 2022-09-18 2022-09-18 Textual
Copyright @ Delhi University Library System